Integración real y grupos de poder económico en América Central: implicaciones para el desarrollo y la democracia de la región /
Сохранить в:
| Главный автор: | |
|---|---|
| Формат: | |
| Язык: | Spanish |
| Опубликовано: |
San José, Costa Rica:
Fundación Friedrich Ebert,
2005
|
| Метки: |
Добавить метку
Нет меток, Требуется 1-ая метка записи!
|
MARC
| LEADER | 00000nam a22000007a 4500 | ||
|---|---|---|---|
| 003 | cru CIDCACS/IIS | ||
| 005 | 20240709114252.0 | ||
| 008 | 240709b2005 cr ||||| |||| 00| 0 spa d | ||
| 020 | |a 9977-961-33-6 | ||
| 040 | |a cru CIDCACS/IIS |b spa |c cru CIDCACS/IIS | ||
| 090 | |a S454i | ||
| 100 | 1 | |a Segovia Cáceres, Alexander |9 12245 | |
| 245 | 1 | |a Integración real y grupos de poder económico en América Central: |b implicaciones para el desarrollo y la democracia de la región / |c Alexander Segovia Cáceres |h [impreso] | |
| 260 | |a San José, Costa Rica: |b Fundación Friedrich Ebert, |c 2005 | ||
| 300 | |a 188 páginas | ||
| 650 | 0 | 7 | |0 TESAUROS |2 TESAUROS |
| 942 | |2 z |c LI |h <script>document.querySelector('[id^="tag_090_subfield_a"]').value</script> |6 SCRIPTDOCUMENTQUERYSELECTORIDTAG_090_SUBFIELD_AVALUESCRIPT | ||
| 999 | |c 45891 |d 45891 | ||



